[Event "Otvoreno Prvenstvo Sente 2015"]
[Site "Senta"]
[Date "2015.02.22"]
[Round "9.9"]
[White "Miljkovic, Vukasin"]
[Black "Sakic, Simeon"]
[Result "0-1"]
[WhiteElo "1715"]
[BlackElo "1859"]
[PlyCount "114"]
[EventDate "2015.01.30"]

1. e4 e5 2. Bc4 Nc6 3. Nf3 Bc5 4. h3 d6 5. c3 Nf6 6. d3 Qe7 7. a4 a6 8. b4 Bb6
9. Qe2 Be6 10. Nbd2 h6 11. Bb2 O-O 12. a5 Ba7 13. b5 axb5 14. Bxb5 Bd7 15. c4
Nb4 16. Nb3 Nh5 17. Qd2 Nf4 18. Nc1 Nc6 19. O-O f5 20. Kh2 fxe4 21. dxe4 Nxh3
22. c5 Bxc5 23. Nd3 Ba7 24. Bc4+ Be6 25. Bxe6+ Qxe6 26. Nh4 Nf4 27. Nf5 Nxd3
28. Qxd3 Ne7 29. g4 Nxf5 30. gxf5 Qf7 31. Qh3 Qc4 32. Qg2 Qe2 33. Bc1 Qh5+ 34.
Qh3 Qxh3+ 35. Kxh3 d5 36. f3 c5 37. Rg1 Kh7 38. Rb1 Rf7 39. Rg6 d4 40. Kg4 c4
41. Bxh6 gxh6 42. Rh1 Rg7 43. Rhxh6+ Kg8 44. f6 Rxg6+ 45. Rxg6+ Kf7 46. Kf5 Rg8
47. Rh6 d3 48. Rh7+ Ke8 49. Ke6 Kd8 50. Rxb7 Re8+ 51. Kd6 d2 52. Rd7+ Kc8 53.
Kc6 Bd4 54. Re7 Rd8 55. f7 d1=Q 56. Kb5 Qb3+ 57. Ka6 Rd6# 0-1

[Event "Otvoreno Prvenstvo Sente 2015"]
[Site "Senta"]
[Date "2015.02.22"]
[Round "9.10"]
[White "Toth, Kazmer"]
[Black "Nagy, Aleksz M"]
[Result "1-0"]
[WhiteElo "1974"]
[BlackElo "1681"]
[PlyCount "75"]
[EventDate "2015.01.30"]

1. d4 d5 2. c4 e6 3. Nc3 Nf6 4. Bg5 Be7 5. e3 c6 6. Nf3 Nbd7 7. Bd3 dxc4 8.
Bxc4 b5 9. Bd3 Bb7 10. a3 a6 11. O-O c5 12. Rc1 Rc8 13. Bxf6 Bxf6 14. Be4 Qb6
15. d5 exd5 16. Bxd5 O-O 17. e4 Ne5 18. Qe2 Rfd8 19. Rfd1 Nc6 20. Qe3 Re8 21.
b4 Bd4 22. Qf4 Re7 23. Bxc6 Bxc6 24. Nxd4 cxd4 25. Nd5 Qb7 26. Nxe7+ Qxe7 27.
Rxd4 h6 28. f3 Qa7 29. Rc5 a5 30. Qc1 axb4 31. axb4 Kh7 32. Kh1 Qb7 33. Rd6 Bd7
34. Rxc8 Bxc8 35. Qc5 Be6 36. h3 Bc4 37. Qf5+ g6 38. Qf6 1-0

[Event "Otvoreno Prvenstvo Sente 2015"]
[Site "Senta"]
[Date "2015.02.22"]
[Round "9.11"]
[White "Grbin, Stefan"]
[Black "Jankov, Danijel"]
[Result "1-0"]
[WhiteElo "1711"]
[BlackElo "1352"]
[PlyCount "133"]
[EventDate "2015.01.30"]

1. d4 Nf6 2. c4 g6 3. Nc3 Bg7 4. e4 d6 5. Bg5 h6 6. Bf4 O-O 7. Be2 Nbd7 8. Qd2
e5 9. dxe5 dxe5 10. Bxh6 Nc5 11. Qxd8 Rxd8 12. Bg5 Be6 13. Nf3 Nd3+ 14. Bxd3
Rxd3 15. Nxe5 Rd4 16. Be3 Rdd8 17. f4 Nd7 18. Nxd7 Rxd7 19. Kf2 Bxc4 20. Rhd1
Rad8 21. Rxd7 Rxd7 22. Rd1 Rxd1 23. Nxd1 Bxa2 24. Bxa7 Bb3 25. Nc3 b6 26. Bb8
Bd4+ 27. Kf3 c5 28. Ba7 c4 29. e5 Bxc3 30. bxc3 b5 31. Bc5 Kg7 32. Ke4 Bc2+ 33.
Kd5 Bf5 34. h3 Bd7 35. g4 Kh6 36. Kd6 Be6 37. Kc6 Kg7 38. Be7 Kg8 39. Kxb5 Kg7
40. Kc5 Kg8 41. Kd4 Kg7 42. Ke4 Kh6 43. Bf8+ Kh7 44. f5 gxf5+ 45. gxf5 Bd7 46.
h4 Kg8 47. Be7 Kg7 48. Kd4 Bxf5 49. Kxc4 Be6+ 50. Kd4 Kg6 51. c4 Kf5 52. h5 Bd7
53. c5 Bc6 54. Bf6 Bf3 55. h6 Kg6 56. Bg7 Kh7 57. Kc4 Bc6 58. Kb4 Kg6 59. Ka5
Be4 60. Kb6 f5 61. exf6 Bd5 62. c6 Be6 63. c7 Kh7 64. Kb7 Kg8 65. c8=Q+ Bxc8+
66. Kxc8 Kf7 67. h7 1-0

[Event "Otvoreno Prvenstvo Sente 2015"]
[Site "Senta"]
[Date "2015.02.22"]
[Round "9.12"]
[White "Ridjicki, Nenad"]
[Black "Uveric, Nebojsa"]
[Result "1/2-1/2"]
[WhiteElo "1810"]
[BlackElo "1533"]
[PlyCount "20"]
[EventDate "2015.01.30"]

1. e4 c5 2. Nf3 Nc6 3. d4 cxd4 4. Nxd4 d6 5. Nc3 a6 6. Be3 Nf6 7. f3 e5 8. Nb3
Be7 9. Bd3 O-O 10. O-O b5 1/2-1/2

[Event "Otvoreno Prvenstvo Sente 2015"]
[Site "Senta"]
[Date "2015.02.22"]
[Round "9.13"]
[White "Vrabel, Mate"]
[Black "Brindza, Dezso"]
[Result "0-1"]
[WhiteElo "1487"]
[BlackElo "1712"]
[PlyCount "50"]
[EventDate "2015.01.30"]

1. d4 d6 2. e4 Nf6 3. Nc3 g6 4. Nf3 Bg4 5. h3 Bxf3 6. Qxf3 c6 7. Bd3 Bg7 8. O-O
O-O 9. Re1 Nbd7 10. e5 dxe5 11. dxe5 Ne8 12. e6 fxe6 13. Qg4 e5 14. f4 exf4 15.
Bxf4 Nef6 16. Qe6+ Kh8 17. Qxe7 Qb6+ 18. Kh2 Qxb2 19. Ne4 Nd5 20. Qxd7 Rad8 21.
Qe6 Nxf4 22. Qc4 Nxd3 23. cxd3 Rd4 24. Rab1 Rxc4 25. Rxb2 Rxe4 0-1

[Event "Otvoreno Prvenstvo Sente 2015"]
[Site "Senta"]
[Date "2015.02.22"]
[Round "9.17"]
[White "Radisic, Dragoljub"]
[Black "Boros, Tamas I"]
[Result "1-0"]
[WhiteElo "1395"]
[BlackElo "1423"]
[PlyCount "65"]
[EventDate "2015.01.30"]

1. e4 e5 2. Nf3 Nc6 3. Bb5 Bc5 4. O-O Nf6 5. Nc3 d6 6. h3 a6 7. Bc4 b5 8. Bd5
Bb7 9. d3 h6 10. Ne2 Nxd5 11. exd5 Ne7 12. c4 O-O 13. b3 c6 14. d4 exd4 15.
Nexd4 cxd5 16. cxb5 Qb6 17. Be3 axb5 18. Qd3 Ba6 19. Rfe1 b4 20. Qc2 Rac8 21.
Qd2 Rfe8 22. Rad1 Ng6 23. Nf5 Bxe3 24. Nxe3 Nf4 25. Nxd5 Nxd5 26. Qxd5 Rxe1+
27. Rxe1 Bb7 28. Qd3 Bxf3 29. Qxf3 Rc2 30. Re7 f6 31. Qd5+ Kh8 32. Re8+ Kh7 33.
Qf5+ 1-0

[Event "19. Sahovski festival "]
[Site "Senta"]
[Date "2015.07.11"]
[Round "1.1"]
[White "Atalik, Suat"]
[Black "Dikic, Veljko"]
[Result "1-0"]
[WhiteElo "2564"]
[BlackElo "1947"]
[PlyCount "83"]
[EventDate "2015.07.11"]

1. d4 d5 2. c4 c6 3. Nf3 Nf6 4. g3 g6 5. Qa4 dxc4 6. Qxc4 Bg7 7. Bg2 O-O 8. O-O
Be6 9. Qa4 Bd5 10. Nc3 Nbd7 11. Rd1 Ne4 12. Nxd5 cxd5 13. Ng5 Nb6 14. Qa5 Nf6
15. b3 Nc8 16. Qb4 Qb6 17. Ba3 e6 18. Qxb6 Nxb6 19. Bxf8 Bxf8 20. Rac1 h6 21.
Nf3 Bd6 22. Ne5 a5 23. a4 Kf8 24. Rc3 Ke7 25. Rdc1 Nfd7 26. Nxd7 Kxd7 27. e4
dxe4 28. Bxe4 Nd5 29. Rf3 f5 30. Bxd5 exd5 31. Kg2 Rf8 32. h4 Bb4 33. Rc2 g5
34. hxg5 hxg5 35. g4 f4 36. Rh3 Rf7 37. Kf3 Re7 38. Re2 Bc3 39. Rxe7+ Kxe7 40.
Ke2 Bxd4 41. Rd3 Bf6 42. Rxd5 1-0

[Event "19. Sahovski festival "]
[Site "Senta"]
[Date "2015.07.11"]
[Round "1.2"]
[White "Toth, Kazmer"]
[Black "Arsovic, Zoran"]
[Result "0-1"]
[WhiteElo "1946"]
[BlackElo "2418"]
[PlyCount "112"]
[EventDate "2015.07.11"]

1. d4 Nf6 2. c4 g6 3. Nc3 Bg7 4. Nf3 d6 5. Bg5 h6 6. Bxf6 Bxf6 7. e3 O-O 8. Bd3
e5 9. dxe5 dxe5 10. Qc2 Na6 11. a3 Nc5 12. Be2 Bf5 13. e4 Bg4 14. Rd1 Qe8 15.
b4 Ne6 16. Nd5 Bg7 17. O-O c6 18. Nc3 Qe7 19. c5 Rfd8 20. Rxd8+ Rxd8 21. Rd1
Nf4 22. h3 Be6 23. Bf1 h5 24. Ne2 Re8 25. Rd6 Qf6 26. Nxf4 Qxf4 27. Be2 Bf8 28.
Rd1 Be7 29. g3 Qf6 30. Kg2 b5 31. cxb6 axb6 32. Qc3 c5 33. bxc5 Bxc5 34. Bb5
Re7 35. a4 g5 36. Rd8+ Kg7 37. Qd2 g4 38. hxg4 hxg4 39. Qg5+ Qxg5 40. Nxg5 Bb3
41. Rd3 Ba2 42. Rd2 Bb1 43. Rb2 Kg6 44. Rxb1 Kxg5 45. Rd1 Bd4 46. f4+ gxf3+ 47.
Kxf3 Rc7 48. Rd2 Rc3+ 49. Kg2 f5 50. exf5 Kxf5 51. Rd3 Rc2+ 52. Kh3 Kg5 53. Bd7
Bg1 54. g4 Kf4 55. Kh4 Rh2+ 56. Rh3 Bf2+ 0-1

[Event "19. Sahovski festival "]
[Site "Senta"]
[Date "2015.07.11"]
[Round "1.3"]
[White "Nestorovic, Dejan"]
[Black "Juhasz, Jeno"]
[Result "1-0"]
[WhiteElo "2408"]
[BlackElo "1942"]
[PlyCount "69"]
[EventDate "2015.07.11"]

1. d4 Nf6 2. c4 e6 3. Nc3 d5 4. Bg5 Be7 5. e3 Nbd7 6. Nf3 h6 7. Bh4 c6 8. Qc2
O-O 9. a3 a6 10. Rd1 Qa5 11. Bd3 dxc4 12. Bxc4 b5 13. Ba2 Bb7 14. Bb1 Rfe8 15.
O-O Rac8 16. e4 Nf8 17. e5 Nd5 18. Bxe7 Rxe7 19. Ne4 Rcc7 20. Nfd2 Qb6 21. Nb3
a5 22. Rfe1 Bc8 23. Nbc5 Ng6 24. Rd3 Bd7 25. Nd6 Qa7 26. Rf3 Be8 27. h4 Qa8 28.
Re4 h5 29. Qd2 f6 30. exf6 Nxf6 31. Rxe6 Rxe6 32. Nxe6 Re7 33. Rxf6 gxf6 34.
Ba2 Kh7 35. Nf5 1-0

[Event "19. Sahovski festival "]
[Site "Senta"]
[Date "2015.07.11"]
[Round "1.4"]
[White "Marjanovics, Gyorgy"]
[Black "Todorovic, Jovan"]
[Result "0-1"]
[WhiteElo "1939"]
[BlackElo "2402"]
[PlyCount "52"]
[EventDate "2015.07.11"]

1. e4 c5 2. Nf3 d6 3. Bb5+ Bd7 4. Bxd7+ Qxd7 5. c4 Nc6 6. d4 cxd4 7. Nxd4 Nf6
8. Nc3 e6 9. O-O Be7 10. b3 O-O 11. Be3 b6 12. f3 a6 13. Qd2 Rab8 14. Rfd1 Rfd8
15. Rac1 Qb7 16. Nxc6 Qxc6 17. Qf2 Qb7 18. Bf4 Nh5 19. Be3 h6 20. Rd3 b5 21.
cxb5 axb5 22. a4 bxa4 23. Nxa4 Qa6 24. Rdc3 Bf6 25. Bd4 Bxd4 26. Qxd4 Nf4 0-1

[Event "19. Sahovski festival "]
[Site "Senta"]
[Date "2015.07.11"]
[Round "1.5"]
[White "Arsovic, Goran"]
[Black "Davidovic, Zoran"]
[Result "1-0"]
[WhiteElo "2395"]
[BlackElo "1931"]
[PlyCount "81"]
[EventDate "2015.07.11"]

1. d4 f5 2. g3 Nf6 3. Bg2 e6 4. Nf3 d5 5. O-O Be7 6. c4 c6 7. Qc2 O-O 8. Nbd2
Na6 9. a3 Bd7 10. b4 b5 11. c5 Nc7 12. Nb3 Ne4 13. Ne5 Be8 14. f3 Ng5 15. Na5
Nf7 16. Naxc6 Bxc6 17. Nxc6 Qd7 18. Nxe7+ Qxe7 19. Bd2 Nd8 20. Bf4 Ne8 21. e4
Nc6 22. exd5 exd5 23. Rae1 Qf7 24. Qd3 a6 25. Be5 g6 26. f4 Rd8 27. Qb3 h5 28.
Bd6 Rxd6 29. cxd6 Nf6 30. Rc1 Nxd4 31. Qd3 Qa7 32. Rc5 Ne6 33. Bxd5 Nxd5 34.
Qxd5 Qf7 35. Re1 Nd8 36. Qxf7+ Kxf7 37. d7 Nb7 38. Rc8 Nd8 39. Kf2 Rh8 40. Ra8
h4 41. gxh4 1-0

[Event "19. Sahovski festival "]
[Site "Senta"]
[Date "2015.07.11"]
[Round "1.6"]
[White "Vadoc, Karolj"]
[Black "Vucinic, Gojko"]
[Result "0-1"]
[WhiteElo "1920"]
[BlackElo "2328"]
[PlyCount "48"]
[EventDate "2015.07.11"]

1. e4 c5 2. c3 e6 3. d4 d5 4. e5 Bd7 5. Nf3 Qb6 6. Be2 Bb5 7. Bxb5+ Qxb5 8. Na3
Qb6 9. Nc2 Ne7 10. O-O Nf5 11. b3 cxd4 12. Ncxd4 Nxd4 13. cxd4 Nc6 14. Bb2 Be7
15. Qd2 O-O 16. Rac1 a5 17. Bc3 Rfc8 18. Rc2 Rc7 19. Rfc1 Rac8 20. g3 Ba3 21.
Bb2 Bxb2 22. Rxb2 Nxd4 23. Nxd4 Rxc1+ 24. Kg2 Qb4 0-1

[Event "19. Sahovski festival "]
[Site "Senta"]
[Date "2015.07.11"]
[Round "1.7"]
[White "Marjanovics, Annamaria"]
[Black "Aleksic, Zvonimir"]
[Result "1-0"]
[WhiteElo "2277"]
[BlackElo "1916"]
[PlyCount "59"]
[EventDate "2015.07.11"]

1. e4 e5 2. Nf3 Nf6 3. Nxe5 d6 4. Nf3 Nxe4 5. Nc3 Nxc3 6. dxc3 Nc6 7. Be3 Be7
8. Qd2 Be6 9. O-O-O Qd7 10. Kb1 Ne5 11. Be2 Nc4 12. Bxc4 Bxc4 13. Qd4 Be6 14.
Qxg7 O-O-O 15. Qd4 c5 16. Qf4 Qc6 17. Rhg1 Rhg8 18. g4 Rg6 19. g5 Qa6 20. a3 d5
21. Nh4 Bd6 22. Qf3 Qc4 23. Nxg6 d4 24. b3 Qa6 25. cxd4 hxg6 26. dxc5 Bxh2 27.
Rxd8+ Kxd8 28. Qf6+ Kc7 29. Rh1 Qxa3 30. Rxh2 1-0

[Event "19. Sahovski festival "]
[Site "Senta"]
[Date "2015.07.11"]
[Round "1.8"]
[White "Vucelic, Rade"]
[Black "Andrijevic, Milan"]
[Result "0-1"]
[WhiteElo "1909"]
[BlackElo "2268"]
[PlyCount "58"]
[EventDate "2015.07.11"]

1. e4 c5 2. Nf3 e6 3. d4 cxd4 4. Nxd4 Nc6 5. Be2 Nf6 6. Nxc6 bxc6 7. Nc3 d5 8.
exd5 cxd5 9. O-O Be7 10. Bb5+ Bd7 11. Bxd7+ Qxd7 12. Qd3 O-O 13. Bf4 Qc6 14.
Rfe1 Rfc8 15. Re2 Qc4 16. Be5 Nd7 17. Bd4 Bf6 18. Rd1 Rab8 19. Bxf6 Nxf6 20.
Qxc4 Rxc4 21. Rd3 Rxb2 22. f3 d4 23. Nd1 Rxa2 24. Ne3 Ra1+ 25. Nf1 Nd5 26. g3
g6 27. Kf2 Ra2 28. Nd2 Rcxc2 29. Rxd4 Nc3 0-1

[Event "19. Sahovski festival "]
[Site "Senta"]
[Date "2015.07.11"]
[Round "1.9"]
[White "Baglan, Esat"]
[Black "Soklovacki, Mila"]
[Result "1-0"]
[WhiteElo "2257"]
[BlackElo "1901"]
[PlyCount "91"]
[EventDate "2015.07.11"]

1. e4 c5 2. Nf3 Nc6 3. d4 cxd4 4. Nxd4 e5 5. Nb5 a6 6. Nd6+ Bxd6 7. Qxd6 Qf6 8.
Qxf6 Nxf6 9. Nc3 d6 10. Be3 Be6 11. O-O-O Rd8 12. Be2 O-O 13. Rd2 d5 14. exd5
Nxd5 15. Nxd5 Rxd5 16. Rhd1 Rfd8 17. Rxd5 Rxd5 18. Rxd5 Bxd5 19. f3 f6 20. c4
Be6 21. Kd2 Kf7 22. Bc5 Bd7 23. Kc3 g6 24. b4 Nd8 25. b5 Ne6 26. Bf2 Nf4 27.
Bf1 axb5 28. cxb5 Ke6 29. a4 Kd6 30. a5 Nd5+ 31. Kb3 Nc7 32. a6 bxa6 33. bxa6
Bc6 34. h4 Ne6 35. Kb4 f5 36. a7 Nc7 37. Bc5+ Kd7 38. Bb6 Nd5+ 39. Kc5 Nxb6 40.
Kxb6 Kd6 41. Ba6 e4 42. fxe4 fxe4 43. Bb7 Bxb7 44. Kxb7 e3 45. a8=Q Ke5 46. Qa2
1-0

[Event "19. Sahovski festival "]
[Site "Senta"]
[Date "2015.07.11"]
[Round "1.10"]
[White "Tomin, Kristifor"]
[Black "Kumic, Filip"]
[Result "0-1"]
[WhiteElo "1890"]
[BlackElo "2253"]
[PlyCount "96"]
[EventDate "2015.07.11"]

1. Nf3 Nf6 2. d4 g6 3. Nbd2 d5 4. c3 Bg7 5. e3 O-O 6. Bd3 c5 7. O-O Nc6 8. b3
Nd7 9. Bb2 e5 10. dxe5 Ndxe5 11. Nxe5 Nxe5 12. Be2 Be6 13. Nf3 Nc6 14. Qd2 h6
15. Rfd1 Qb6 16. Rac1 Rfd8 17. Qc2 Rac8 18. Qb1 Bf5 19. Bd3 Bg4 20. Be2 Ne5 21.
Nxe5 Bxe2 22. Rd2 Bb5 23. c4 dxc4 24. Rxd8+ Rxd8 25. bxc4 Bc6 26. Nxc6 Qxc6 27.
Bxg7 Kxg7 28. Rd1 Rxd1+ 29. Qxd1 b5 30. Qc2 b4 31. h3 a5 32. a3 Qf6 33. axb4
Qa1+ 34. Kh2 axb4 35. f4 Qc3 36. Qe4 b3 37. h4 h5 38. Kh3 Qa1 39. f5 gxf5 40.
Qxf5 Qf6 41. Qxc5 Kg6 42. Kh2 Qxh4+ 43. Kg1 Qf6 44. Qb5 Qa1+ 45. Kh2 b2 46.
Qb6+ Kh7 47. Qb5 b1=Q 48. Qxh5+ Kg7 0-1

[Event "19. Sahovski festival "]
[Site "Senta"]
[Date "2015.07.11"]
[Round "1.11"]
[White "Farkas, Tibor"]
[Black "Bal, Enes Emre"]
[Result "1/2-1/2"]
[WhiteElo "2251"]
[BlackElo "1886"]
[PlyCount "43"]
[EventDate "2015.07.11"]

1. e4 c5 2. Nf3 g6 3. d4 cxd4 4. Nxd4 Bg7 5. c4 Nc6 6. Be3 Nf6 7. Nc3 Ng4 8.
Qxg4 Nxd4 9. Qd1 Ne6 10. Rc1 d6 11. Qd2 Qa5 12. Bd3 Bd7 13. O-O g5 14. f3 Be5
15. Rfd1 Rg8 16. Bf1 h5 17. b3 h4 18. Nb5 Qxd2 19. Rxd2 a6 20. Nc3 g4 21. Kh1
gxf3 22. gxf3 1/2-1/2

[Event "19. Sahovski festival "]
[Site "Senta"]
[Date "2015.07.11"]
[Round "1.12"]
[White "Mrzic, Branko"]
[Black "Jovanovic, Aleksandar D"]
[Result "0-1"]
[WhiteElo "1877"]
[BlackElo "2240"]
[PlyCount "72"]
[EventDate "2015.07.11"]

1. d4 Nf6 2. c4 g6 3. Nc3 d5 4. cxd5 Nxd5 5. Qb3 Nb6 6. Nf3 Bg7 7. e3 O-O 8.
Be2 Nc6 9. Qa3 a5 10. Bd2 Bg4 11. Rc1 e5 12. d5 Nxd5 13. Nxd5 Qxd5 14. Bc4 Qd6
15. Qb3 Nd8 16. Ng5 Qe7 17. Ne4 Kh8 18. h3 Bc8 19. O-O f5 20. Ng3 b6 21. Qc2
Bb7 22. a3 Nf7 23. b4 axb4 24. axb4 Nd6 25. Rfd1 f4 26. Nh1 Qg5 27. Bf1 Rf7 28.
exf4 exf4 29. Bc3 Nf5 30. Bxg7+ Kxg7 31. Qc3+ Kh6 32. Rd3 Nh4 33. f3 Ra2 34.
Nf2 Qg3 35. Ng4+ Kh5 36. Nh2 Rxg2+ 0-1

[Event "19. Sahovski festival "]
[Site "Senta"]
[Date "2015.07.11"]
[Round "1.13"]
[White "Simonyi, Zoltan"]
[Black "Farkas, Sandor I"]
[Result "1-0"]
[WhiteElo "2227"]
[BlackElo "1863"]
[PlyCount "51"]
[EventDate "2015.07.11"]

1. f4 Nf6 2. Nf3 g6 3. b3 Bg7 4. Bb2 O-O 5. e3 d6 6. Be2 a6 7. O-O b5 8. a4 b4
9. Qe1 a5 10. Qh4 Nfd7 11. Ng5 h6 12. Bxg7 Kxg7 13. Ne4 f5 14. Nf2 e5 15. Qg3
Qf6 16. Nh3 e4 17. Ra2 Ba6 18. Qe1 Nc5 19. Nf2 Nbd7 20. Kh1 Bxe2 21. Qxe2 h5
22. Nh3 Ne6 23. d4 exd3 24. cxd3 c5 25. Qf3 Nb6 26. Qb7+ 1-0

[Event "19. Sahovski festival "]
[Site "Senta"]
[Date "2015.07.11"]
[Round "1.14"]
[White "Kalmar, Robert"]
[Black "Vranic, Ljubomir"]
[Result "0-1"]
[WhiteElo "1847"]
[BlackElo "2213"]
[PlyCount "88"]
[EventDate "2015.07.11"]

1. c4 e5 2. Nc3 Nf6 3. g3 d5 4. cxd5 Nxd5 5. Bg2 Be6 6. d3 Nc6 7. Nf3 Be7 8.
O-O Qd7 9. Ng5 Bxg5 10. Bxg5 Nxc3 11. bxc3 f6 12. Bd2 Bh3 13. Qb3 Bxg2 14. Kxg2
b6 15. a4 Na5 16. Qa2 Nb7 17. c4 a5 18. Be3 g5 19. Rac1 Qc6+ 20. Kg1 O-O-O 21.
c5 bxc5 22. Rc3 h5 23. Qc2 h4 24. g4 h3 25. f3 Rd5 26. Bf2 Rd4 27. Bxd4 exd4
28. Rc4 Qd5 29. Kf2 Re8 30. Re1 Re3 31. Rc1 Qe5 32. Rh1 f5 33. gxf5 g4 34. Qd1
gxf3 35. exf3 Qf4 36. Rc2 Qh4+ 37. Kf1 Qh5 38. Kf2 Qxf5 39. Rd2 Qf4 40. Rb2 Nd6
41. Rc2 c4 42. dxc4 d3 43. Rb2 Ne4+ 44. Kf1 Rxf3+ 0-1

[Event "19. Sahovski festival "]
[Site "Senta"]
[Date "2015.07.11"]
[Round "1.15"]
[White "Bratkovic, Jakob"]
[Black "Lorincz, Laszlo V"]
[Result "1/2-1/2"]
[WhiteElo "2212"]
[BlackElo "1832"]
[PlyCount "74"]
[EventDate "2015.07.11"]

1. e4 c5 2. Nf3 d6 3. d4 cxd4 4. Nxd4 a6 5. c4 Nf6 6. Nc3 g6 7. Be2 Bd7 8. Be3
Nc6 9. O-O Bg7 10. f3 O-O 11. Qd2 Rc8 12. Rfc1 Qa5 13. Rab1 Nxd4 14. Bxd4 Nh5
15. Be3 Be6 16. b4 Qd8 17. Nd5 Nf6 18. Bb6 Qe8 19. Be3 Qd8 20. b5 Nxd5 21. cxd5
Bd7 22. bxa6 bxa6 23. Bxa6 Rxc1+ 24. Qxc1 Qa5 25. Bc4 Rc8 26. Qf1 Qc3 27. Bd3
Qa3 28. Bf4 Qxa2 29. Ba6 Ra8 30. Bc4 Qxb1 31. Qxb1 Ra1 32. Qxa1 Bxa1 33. Be3
Kg7 34. Kf2 Be5 35. f4 Bc3 36. Kf3 Ba4 37. Be2 Bc2 1/2-1/2

[Event "19. Sahovski festival "]
[Site "Senta"]
[Date "2015.07.11"]
[Round "1.16"]
[White "Nestorovic, Katarina"]
[Black "Nagy, Attila N"]
[Result "0-1"]
[WhiteElo "1820"]
[BlackElo "2207"]
[PlyCount "52"]
[EventDate "2015.07.11"]

1. e4 c5 2. Nf3 g6 3. d4 cxd4 4. Nxd4 Bg7 5. Nc3 Nc6 6. Be3 Nf6 7. h3 O-O 8.
Nb3 d6 9. Qd2 Be6 10. Nd4 Nxd4 11. Bxd4 Qa5 12. f3 Rfc8 13. g4 Qb4 14. O-O-O
Qa5 15. a3 Rab8 16. f4 b5 17. f5 b4 18. fxe6 bxc3 19. exf7+ Kxf7 20. Bxc3 Rxc3
21. Bc4+ Ke8 22. Rhe1 Rxb2 23. Kxb2 Qxa3+ 24. Kb1 Rxc4 25. Re3 Rb4+ 26. Rb3
Nxe4 0-1

[Event "19. Sahovski festival "]
[Site "Senta"]
[Date "2015.07.11"]
[Round "1.17"]
[White "Meszaros, Bela"]
[Black "Kovacs, Attila J"]
[Result "1-0"]
[WhiteElo "2206"]
[BlackElo "1798"]
[PlyCount "73"]
[EventDate "2015.07.11"]

1. e4 c6 2. d4 d5 3. Nc3 dxe4 4. Nxe4 Bf5 5. Ng3 Bg6 6. Nf3 Nf6 7. Bd3 e6 8. h4
Bxd3 9. Qxd3 Be7 10. Bd2 Nbd7 11. O-O-O Qc7 12. Rhe1 O-O-O 13. Ng5 Rdf8 14. Kb1
h6 15. Nf3 Bd6 16. Ne2 Ng4 17. Rf1 Rd8 18. c4 c5 19. Nc3 a6 20. Ne4 Be7 21. Qa3
Qc6 22. Rfe1 Rde8 23. d5 exd5 24. cxd5 Qg6 25. Ka1 f5 26. h5 Qf7 27. Ng3 Nxf2
28. Rc1 Qxd5 29. Be3 Ne4 30. Red1 Qc6 31. Nd4 Qc7 32. Ngxf5 Qe5 33. Nxe7+ Rxe7
34. Nb3 Kb8 35. Nxc5 Nef6 36. Bd4 Qe2 37. Qb4 1-0

[Event "19. Sahovski festival "]
[Site "Senta"]
[Date "2015.07.11"]
[Round "1.20"]
[White "Lalic, Danka"]
[Black "Popov, Stevan"]
[Result "1-0"]
[WhiteElo "1788"]
[BlackElo "2153"]
[PlyCount "23"]
[EventDate "2015.07.11"]

1. e4 e5 2. Bc4 Nf6 3. d3 Bc5 4. Nc3 d6 5. f4 Ng4 6. f5 Nf2 7. Qh5 O-O 8. Bg5
Qd7 9. Nd5 Nxh1 10. Nf6+ gxf6 11. Bxf6 Bf2+ 12. Ke2 1-0

[Event "19. Sahovski festival "]
[Site "Senta"]
[Date "2015.07.11"]
[Round "1.21"]
[White "Bratkovic, Sham"]
[Black "Grbin, Stefan"]
[Result "1-0"]
[WhiteElo "2152"]
[BlackElo "1779"]
[PlyCount "75"]
[EventDate "2015.07.11"]

1. e4 e6 2. d4 d5 3. Nd2 c5 4. exd5 exd5 5. Ngf3 Nf6 6. Bb5+ Bd7 7. Bxd7+ Nbxd7
8. O-O Be7 9. dxc5 Nxc5 10. Nb3 Nxb3 11. axb3 O-O 12. Bg5 Qd6 13. Nd4 Qd7 14.
Qd3 Ne4 15. Bxe7 Qxe7 16. Nf5 Qe6 17. Qxd5 Rfd8 18. Qxe6 fxe6 19. Ne3 a6 20.
Rfd1 Kf7 21. Nc4 Kf6 22. f3 Ng5 23. Nb6 Rab8 24. Nd7+ Ke7 25. Nxb8 Rxb8 26. Ra4
Rc8 27. c3 Nf7 28. Rad4 Rc7 29. Rc4 Rxc4 30. bxc4 Nd6 31. b3 b6 32. Ra1 a5 33.
c5 bxc5 34. Rxa5 c4 35. Ra7+ Kf6 36. Rd7 Nb5 37. bxc4 Nxc3 38. c5 1-0

[Event "19. Sahovski festival "]
[Site "Senta"]
[Date "2015.07.11"]
[Round "1.22"]
[White "Ridjicki, Nenad"]
[Black "Kecskemeti, Arpad"]
[Result "0-1"]
[WhiteElo "1763"]
[BlackElo "2152"]
[PlyCount "62"]
[EventDate "2015.07.11"]

1. e4 c5 2. f4 d6 3. Nf3 g6 4. Bc4 Bg7 5. c3 Nf6 6. e5 dxe5 7. fxe5 Nd5 8. O-O
O-O 9. Qb3 e6 10. d4 Nb6 11. Bg5 Qc7 12. Be2 Nc6 13. Nbd2 Nd5 14. Ne4 cxd4 15.
cxd4 Nxd4 16. Nxd4 Qxe5 17. Nf3 Qxe4 18. Bc4 Nb6 19. Bd3 Qd5 20. Qc2 Qc6 21.
Qb3 Bd7 22. Rad1 Qa4 23. Qxa4 Bxa4 24. b3 Bc6 25. b4 h6 26. Be7 Rfe8 27. Bc5
Na4 28. Be3 Red8 29. b5 Bxf3 30. Rxf3 Nb2 31. Rdf1 Rxd3 0-1

[Event "19. Sahovski festival "]
[Site "Senta"]
[Date "2015.07.11"]
[Round "1.23"]
[White "Lazov, Toni"]
[Black "Csomos, Janos"]
[Result "1-0"]
[WhiteElo "2141"]
[BlackElo "1753"]
[PlyCount "43"]
[EventDate "2015.07.11"]

1. e4 d5 2. exd5 Qxd5 3. Nc3 Qa5 4. d4 Bf5 5. Bc4 e6 6. Nf3 Nf6 7. Bd2 c6 8.
Qe2 Nbd7 9. O-O-O Qc7 10. Nh4 Bg4 11. f3 Bh5 12. g4 Bg6 13. Nxg6 hxg6 14. g5
Nh5 15. d5 e5 16. dxc6 bxc6 17. Bxf7+ Kxf7 18. Qc4+ Ke8 19. Nb5 Qb6 20. Qe6+
Be7 21. Nd6+ Kd8 22. Ba5 1-0

[Event "19. Sahovski festival "]
[Site "Senta"]
[Date "2015.07.11"]
[Round "1.24"]
[White "Demic, Aleksandar"]
[Black "Markovic, Aleksandar"]
[Result "0-1"]
[WhiteElo "1735"]
[BlackElo "2133"]
[PlyCount "58"]
[EventDate "2015.07.11"]

1. e4 c5 2. Nf3 d6 3. d4 cxd4 4. Nxd4 Nf6 5. Nc3 g6 6. Be3 Bg7 7. f3 Nc6 8. Qd2
O-O 9. O-O-O d5 10. Nxc6 bxc6 11. exd5 Nxd5 12. Nxd5 cxd5 13. Qxd5 Qc7 14. Qc4
Qe5 15. Qc3 Qxc3 16. bxc3 Bxc3 17. Bc5 Bf6 18. Bd4 Bg5+ 19. Kb1 Rb8+ 20. Ka1
Rd8 21. Be2 Bf5 22. c3 Bc2 23. Rdf1 Bd2 24. a3 Rxd4 25. cxd4 Bc3+ 26. Ka2 Rb2+
27. Ka1 Bb3 28. Bd1 Ra2+ 29. Kb1 Ra1# 0-1

[Event "19. Sahovski festival "]
[Site "Senta"]
[Date "2015.07.11"]
[Round "1.25"]
[White "Ciric, Dragan"]
[Black "Horvat, Nevena"]
[Result "1-0"]
[WhiteElo "2125"]
[BlackElo "1727"]
[PlyCount "51"]
[EventDate "2015.07.11"]

1. e4 c5 2. Nf3 d6 3. d4 cxd4 4. Nxd4 Nf6 5. Nc3 a6 6. Bc4 g6 7. f3 Bg7 8. Be3
Qc7 9. Bb3 Nbd7 10. Qd2 Nc5 11. Bh6 Nxb3 12. axb3 O-O 13. Bxg7 Kxg7 14. g4 Bd7
15. g5 Ng8 16. h4 f5 17. h5 Qc5 18. hxg6 hxg6 19. Qh2 Rf7 20. O-O-O e5 21. b4
Qa7 22. Qh7+ Kf8 23. Qxg6 exd4 24. Qxd6+ Ke8 25. Rh8 Rf8 26. Nd5 1-0

[Event "19. Sahovski festival "]
[Site "Senta"]
[Date "2015.07.11"]
[Round "1.26"]
[White "Abel, Istvan"]
[Black "Sahin, Ozgun"]
[Result "0-1"]
[WhiteElo "1714"]
[BlackElo "2106"]
[PlyCount "54"]
[EventDate "2015.07.11"]

1. e4 c5 2. Nf3 a6 3. d4 cxd4 4. Nxd4 e5 5. Nb3 Nf6 6. f3 Nc6 7. Be3 d5 8. exd5
Nxd5 9. Qd2 Nxe3 10. Qxe3 Be7 11. Nc3 Nd4 12. Bd3 O-O 13. O-O Be6 14. Rad1 Qc7
15. Kh1 Rad8 16. Ne4 Nf5 17. Qf2 Rc8 18. g4 Nh6 19. Qe3 f5 20. Ng5 Bxg5 21.
Qxg5 fxg4 22. Rde1 gxf3 23. Qxe5 Qxe5 24. Rxe5 Bh3 25. Rc1 Ng4 26. Rh5 Nf2+ 27.
Kg1 Nxd3 0-1

[Event "19. Sahovski festival "]
[Site "Senta"]
[Date "2015.07.11"]
[Round "1.27"]
[White "Matovic, Mihajlo Z"]
[Black "Bilic, Milanko"]
[Result "1-0"]
[WhiteElo "2100"]
[BlackElo "1706"]
[PlyCount "39"]
[EventDate "2015.07.11"]

1. e4 c5 2. Nf3 d6 3. d4 cxd4 4. Qxd4 Nc6 5. Bb5 Bd7 6. Bxc6 Bxc6 7. c4 Nf6 8.
Nc3 g6 9. O-O Bg7 10. Qd3 O-O 11. Nd4 Qc7 12. Rd1 a6 13. h3 Nd7 14. Be3 Ne5 15.
Qe2 Bd7 16. f4 Nxc4 17. Nd5 Qc5 18. b4 Nxe3 19. bxc5 Nxd1 20. Rxd1 1-0